MARC details
| 000 -CABECERA |
| campo de control de longitud fija |
00863nam a2200217 a 4500 |
| 001 - NÚMERO DE CONTROL |
| campo de control |
000037959 |
| 005 - FECHA Y HORA DE LA ÚLTIMA TRANSACCIÓN |
| campo de control |
20201002031137.0 |
| 008 - DATOS DE LONGITUD FIJA--INFORMACIÓN GENERAL |
| campo de control de longitud fija |
130311s1988 dr 000 0 spa d |
| 040 ## - FUENTE DE LA CATALOGACIÓN |
| Centro catalogador/agencia de origen |
DO-SdBNP |
| Lengua de catalogación |
spa |
| Centro/agencia transcriptor |
BNPHU |
| 100 1# - ENTRADA PRINCIPAL--NOMBRE DE PERSONA |
| Nombre de persona |
Hernández Castillo, Ángel |
| 9 (RLIN) |
17443 |
| 245 10 - MENCIÓN DE TÍTULO |
| Título |
Introducción a las ciencias de la educación / |
| Mención de responsabilidad, etc. |
Ángel Hernández Castillo ; prólogo Amarilis de Zapata. |
| 260 ## - PUBLICACIÓN, DISTRIBUCIÓN, ETC. |
| Lugar de publicación, distribución, etc. |
Santo Domingo : |
| Nombre del editor, distribuidor, etc. |
Universidad Autónoma de Santo Domingo, |
| Fecha de publicación, distribución, etc. |
1988. |
| 300 ## - DESCRIPCIÓN FÍSICA |
| Extensión |
286 p. ; |
| Dimensiones |
21 cm. |
| 490 1# - MENCIÓN DE SERIE |
| Mención de serie |
Universidad Autónoma de Santo Domingo |
| Designación de volumen o secuencia |
v. 578 |
| 490 1# - MENCIÓN DE SERIE |
| Mención de serie |
Educación y Sociedad |
| Designación de volumen o secuencia |
no. 34 |
| 500 ## - NOTA GENERAL |
| Nota general |
Incluye notas al pie de las páginas |
| 504 ## - NOTA DE BIBLIOGRAFÍA, ETC. |
| Nota de bibliografía, etc. |
Bbiliografía : p. 273-286 |
| 700 1# - PUNTO DE ACCESO ADICIONAL--NOMBRE DE PERSONA |
| Nombre de persona |
Zapata, Amarilis de, |
| Término indicativo de función/relación |
pról. |
| 9 (RLIN) |
36526 |
| 830 #0 - PUNTO DE ACCESO ADICIONAL DE SERIE-TÍTULO UNIFORME |
| Título uniforme |
Universidad Autónoma de Santo Domingo |
| Designación de volumen o secuencia |
v. 578 |
| 9 (RLIN) |
17164 |
| 830 #0 - PUNTO DE ACCESO ADICIONAL DE SERIE-TÍTULO UNIFORME |
| Título uniforme |
Educación y Sociedad |
| Número de parte o sección de la obra |
no. 34 |
| 9 (RLIN) |
64370 |